000 00544cam a22001457a 4500
008 180718b2006 xxu||||| |||| 00| 0 eng d
082 _aAPPPA 2005-06 NIG/32
100 _aNigam, Archana
245 _aThe fiscal responsibility and budget management act 2003: issues and challenges
_cby Archana Nigam
260 _aNew Delhi
_bIndian Institute of Public Administration
_c2006
300 _a129p.
500 _aAn APPPA M.Phil dissertation, 2005-06 (Guide: Prof. Pranab Banerji)
650 _aBudget management
650 _aFiscal responsibility
999 _c493396
_d493396